000 00270nam a2200097Ia 4500
008 220204s9999 xx 000 0 und d
082 _a912(084.3)(548.3)
_bKER;2
245 0 _aKerala in maps. 1978
260 _aKerala
_bBureau of Economics and Statistics
_c1978
942 _cBK
999 _c34284
_d34284